00565nam a2200169Ia 4500008004100000020001800041041000800059082001700067100004700084245003400131250000600165260002900171300001300200650003200213999001900245952013100264210716s2012 xx 000 0 und d a9781420060942 aeng a621.395 YANS aYanushkevich, Svetlana N; Shmerko, Vlad P. aIntroduction to logic design. a1 aChennaibCRC Pressc2012 axxii,692 aLogic Design, VLSI(621.395) c193552d193552 001040708MCAaAIMITbAIMITeKnowledge Worldg995.00l0o621.395 YANSpMCA13060r2025-07-21 00:00:00v746.25w2021-07-16yBK